Smart Grids : Fundamentals and Technologies in Electric Power Systems of the future /

Salvato in:
Dettagli Bibliografici
Autori principali: Buchholz, Bernd M. (Autore), Styczynski, Zbigniew A. (Autore)
Natura: Libro
Lingua:inglese
Pubblicazione: Berlin : Springer, 2020
Edizione:2. vydanie
Tags: Aggiungi Tag
Nessun Tag, puoi essere il primo ad aggiungerne!!

MARC

LEADER 00000nam a22000003a 4500
001 0092871
003 SK-STU
005 20220105131053.2
007 ta
008 220105s ----xo-----e------000-0-----d
020 |a 978-3-662-60932-3 
040 |a STU  |b slo 
041 0 |a eng 
044 |a gw 
100 1 |a Buchholz, Bernd M.  |4 aut  |r Z6 
245 1 0 |a Smart Grids :  |b Fundamentals and Technologies in Electric Power Systems of the future /  |c aut. Bernd M Buchholz, Zbigniew A Styczynski 
250 |a 2. vydanie 
260 |a Berlin :  |b Springer,  |c 2020 
300 |a 408 s. 
700 1 |a Styczynski, Zbigniew A.  |r Z6  |4 aut 
996 |b 284EK90284  |c E* 90284  |l EE32  |s P  |a 0  |w 0092871_0001